El chip experimental / (Record no. 149398)

MARC details
000 -CABECERA
campo de control de longitud fija 00601nam a2200205 u 4500
005 - FECHA Y HORA DE LA ÚLTIMA TRANSACCIÓN
campo de control 20220528063518.0
008 - ELEMENTOS DE LONGITUD FIJA--INFORMACIÓN GENERAL
campo de control de longitud fija 100811s2007 r 000 0 eng d
020 ## - NÚMERO INTERNACIONAL NORMALIZADO PARA LIBROS
Número Internacional Estándar del Libro 9788466763042
035 ## - NÚMERO DE CONTROL DEL SISTEMA
Número de control de sistema UPN01000177295
049 ## - COLECCIÓN
Colección CG
050 #4 - SIGNATURA TOPOGRÁFICA DE LA BIBLIOTECA DEL CONGRESO
Número de clasificación PZ77
Número de documento/Ítem G3.3
100 1# - ASIENTO PRINCIPAL--NOMBRE PERSONAL
Nombre de persona García Barba, Ignasi,
Fechas asociadas al nombre 1975-
245 13 - MENCIÓN DE TÍTULO
Título El chip experimental /
Mención de responsabilidad, etc. Ignasi García Barba ; il. Ximena Maier.
260 ## - PUBLICACIÓN, DISTRIBUCIÓN, ETC.
Lugar de publicación, distribución, etc. Madrid :
Nombre del editor, distribuidor, etc. Anaya,
Fecha de publicación, distribución, etc. 2007.
300 ## - DESCRIPCIÓN FÍSICA
Extensión 118 p. :
Otras características físicas il.
440 #0 - MENCIÓN DE SERIE/ASIENTO SECUNDARIO--TÍTULO
Título Sopa de libros.
Nombre de parte o sección de la obra Teatro ;
Designación de volumen o secuencia 12
650 #4 - ASIENTO SECUNDARIO DE MATERIA - TERMINO TEMATICO
Término de materia o nombre geográfico como elemento de entrada TEATRO JUVENIL
9 (RLIN) 10343
650 #0 - ASIENTO SECUNDARIO DE MATERIA - TERMINO TEMATICO
Término de materia o nombre geográfico como elemento de entrada Literatura juvenil española
9 (RLIN) 12359
905 ## - TIPO DE MATERIAL
Tipo de material Libro
Holdings
Estado de retiro Estado de pérdida Fuente del sistema de clasificación o colocación Estado dañado No para préstamo Código de colección Localización permanente Ubicación/localización actual Ubicación en estantería Total de préstamos Clasificación Código de barras Fecha visto por última vez Número de copia Tipo de ítem Koha
    Library of Congress Classification     Colección General Bib. Gregorio Torres Quintero Bib. Gregorio Torres Quintero Planta baja 1 PZ77 G3.3 273040 31/12/2020 1 Libro